| 000 | 00966cam a22001814a 4500 | ||
|---|---|---|---|
| 005 | 20250605164038.0 | ||
| 008 | 250528s ||||||||||||||||||||||||d | ||
| 035 | _a16885 | ||
| 040 |
_aGR-AtMCL _bgre _dGR-AtMCL _eAACR2 |
||
| 245 | 1 | _aΟδηγός Λειτουργίων / Ευρωπαϊκό Κοινωνικό Ταμείο | |
| 260 |
_bΕυρωπαικό Κοινωνικό Ταμείο, _c1993 |
||
| 300 | _a128 | ||
| 520 | _aΠρόλογος, Εισαγωγή, Όροι και Προϋποθέσεις Χρηματοδότησης, Σχεδιασμός και Οργάνωση του Προγράμματος, Παραρτήματα, Αίτηση, Εγκύκλιος Υπουργείου Εργασίας, Κανονισμοί ΕΟΚ, Κριτήρια Επιλογής Προγραμμάτων Επαγγελματικής Κατάρτισης. | ||
| 700 | 1 |
_aΠεριφέρειας Αττικής _92974 |
|
| 942 | _cBK | ||
| 999 |
_c2335 _d2335 |
||